logo

Bir Sreshtho Munshi Abdur Rouf Library
Jhenaidah Cadet College

Civilization past & present / (Record no. 9345)

MARC details
000 -LEADER
fixed length control field 00830cam a2200277 4500
001 - CONTROL NUMBER
JCCL Control Number 9345
003 - CONTROL NUMBER IDENTIFIER
JCCL marc code BD-JhCC
005 - DATE AND TIME OF LATEST TRANSACTION
control field 20180320085020.0
008 - FIXED-LENGTH DATA ELEMENTS--GENERAL INFORMATION
fixed length control field 710423s1971 iluabc b 001 0 eng
020 ## - INTERNATIONAL STANDARD BOOK NUMBER
International Standard Book Number 0673152359
020 ## - INTERNATIONAL STANDARD BOOK NUMBER
International Standard Book Number 0673152367
035 ## - SYSTEM CONTROL NUMBER
system control number (BD-JhCC)9345
040 ## - CATALOGING SOURCE
Original cataloging agency DLC
Transcribing agency DLC
Modifying agency DLC
-- BD-JhCC
041 ## - LANGUAGE CODE
Language code of Book eng
050 00 - LIBRARY OF CONGRESS CALL NUMBER
Classification number CB57
Item number .W35 1971
082 00 - DEWEY DECIMAL CLASSIFICATION NUMBER
Classification number 909.09821
Author mark and Year CIV 1971
245 10 - TITLE STATEMENT
Title Civilization past & present /
Statement of responsibility, etc T. Walter Wallbank...[et. all]
250 ## - EDITION STATEMENT
Edition statement 4th ed.
260 ## - PUBLICATION, DISTRIBUTION, ETC. (IMPRINT)
Place of publication, distribution, etc Glenview, Ill.,
Name of publisher, distributor, etc Scott, Foresman
Date of publication, distribution, etc [1971]
300 ## - PHYSICAL DESCRIPTION
Pagination 575 p.
Other physical details illus. (part col.), maps (part col.), ports. (part. col.)
Dimensions 26 cm.
504 ## - BIBLIOGRAPHY, ETC. NOTE
Bibliography, etc Includes bibliographical references.
650 #0 - SUBJECT ADDED ENTRY--TOPICAL TERM
Topical term or geographic name as entry element Civilization, Western
700 1# - ADDED ENTRY--PERSONAL NAME
Personal name Wallbank, T. Walter
Fuller form of name 1901-
942 ## - ADDED ENTRY ELEMENTS (KOHA)
Source of classification or shelving scheme Dewey Decimal Classification
Koha item type Books
Holdings
Source of classification or shelving scheme volume number Damaged status Not for loan Home library Current library Shelving location Total Checkouts Full call number Barcode Date last seen Copy number Koha item type
Dewey Decimal Classification V-2     JCC Rouf Library JCC Rouf Library General Stacks   909.09821 CIV 1971 12536 03/13/2018 C - 1 Books

JCC Library | Contacts | JCC Home

Last Update on 23 September 2017
Copyright @ 2017-2020 JCC Rouf Library
Rouf Library, Jhenidah Cadet College (JCC), Bangladesh